000 00918nab a2200253 i 4500
003 BR-BrBNA
005 20250815095701.0
008 250815b2020 bl.ar|pooa||| 00| 0 eng |
040 _aBR-BrBNA
_beng
072 _aB50
072 _aC20
100 _aBaratto, Leopoldo C.
100 _aOliveira, Danilo R.
100 _aPaulino, Juliana V.
245 _aEditorial: Rodriguésia and Pharmacognosy – an interaction that reminds us of Barbosa Rodrigues
500 _aPublicação on-line; 3 ref.
650 _aSIMPÓSIO
650 _aFARMÁCIA
650 _aEXTENSÃO RURAL
773 0 _0709
_9353216
_dRio de Janeiro-RJ Jardim Botanico do Rio de Janeiro 1935
_o2025-4473
_tRodriguésia (Brazil)
_x0370-6583; 2175-7860 on-line
_gv. 71 p. 1-3; (2020)
_wBR2025001687
856 _uhttps://www.scielo.br/j/rod/a/XN5rmGrXYtJR6NNBWCpPryz/?format=pdf&lang=en
942 _cANA
999 _c337636
_d337636